000 00380nam a2200169Ia 4500
005 20250603145413.0
008 250603s9999 xx 000 0 und d
050 _aKD 622 .A4/
100 _aMuhammad bin ali al-shawkani
245 0 _aNail al-awtar
260 _aEgypt
260 _bDar ibn ibraheem.
260 _c2004
300 _a771 p
650 _aEgypt
942 _cBK
999 _c41759
_d41759